Statistics for Word Shortenings Quiz #3

Click here to take the quiz!

General Stats

  • This quiz has been taken 1,623 times
  • The average score is 25 of 30

Answer Stats

Shortened WordLong Version% Correct
SisSister
98%
TeenTeenager
98%
VocabVocabulary
98%
CelebCelebrity
97%
ComfyComfortable
96%
MayoMayonnaise
96%
KiloKilogram
95%
SecSecond
95%
VidVideo
95%
CollabCollaborate
94%
CrocCrocodile
94%
MedsMedications
94%
StatsStatistics
93%
PlaneAirplane
92%
‘TilUntil
91%
DecafDecaffeinated
90%
GuacGuacamole
89%
CarbsCarbohydrates
88%
ChemoChemotherapy
88%
PsychoPsychopath
85%
DormDormitory
84%
SyncSynchronize
78%
SpecsSpectacles
68%
CondoCondominium
66%
ChuteParachute
62%
AbsAbdominals
61%
MethMethamphetamine
58%
FanFanatic
53%
BraBrassiere
51%
SpecsSpecifications
49%

Score Distribution

Percentile by Number Answered

Percent of People with Each Score

Your Score History

You have not taken this quiz